000 00613nam a2200217Ii 4500
003 JO-AjNU
008 230606s9999||||xx |||||||||||||| ||und||
020 _a0-13-205029-3
040 _aJO-AjNU
_beng
_erda
_cJO-AjNU
041 _aeng
050 1 4 _aT58.6.m43.2007
100 3 _aMcledod,Raymond/GEORAGE schell,
_eauthor
_9857
245 0 0 _amanagement information system
250 _a10 ed
264 3 1 _aNew Jersy:pearson,2010
300 _a442p
336 _atext
_btxt
_2rdacontent
337 _aunmediated
_bn
_2rdamedia
338 _avolume
_bnc
_2rdacarrier
650 4 _amanagement information system
_9858
999 _aE453
_c453
_d453